01003 a2200193 45000010006000000050017000060080041000230030015000640400040000790800077001192450105001960200022003012640032003233000017003555050202003720410008005741000057005828560170006393086620260407155617.0260407a2015 arg spa dAR-UNSa-BCEJYS aAR-UNSa-BCEJYSbspacAR-UNSa-BCEJYS a311.3xOrganización general de las estadisticas. Estadística oficial10aCenso Nacional de Población, Hogares y Viviendas 2010. Censo del Bicentenarioppueblos originarios a978-950-896-455-7 1aBuenos Aires :bINDECc2015 a6 v.c25 cm. aVol. I: Región Noroeste Argentino -- Vol. II: Región Patagonia -- Vol. III: Región Nordeste Argentino -- Vol. IV: Región Cuyo -- Vol. V: Región Pampeana -- Vol. VI: Región Metropolitana aspa1 aInstituto Nacional de Estadística y Censos (INDEC)41uhttps://biblioeco.unsa.edu.ar/pmb/images/revistas/Censo nacional de poblacion, hogares y viviendas 2010-pueblos originarios-d00026.jpgyImagen de portadaqimage/jpeg